Women and workforce: Understanding the social and cultural context of women’s employment (Record no. 524482)

000 -LEADER
fixed length control field 00770nam a22001577a 4500
008 - FIXED-LENGTH DATA ELEMENTS--GENERAL INFORMATION
fixed length control field 231204b ||||| |||| 00| 0 eng d
100 ## - MAIN ENTRY--PERSONAL NAME
Personal name Madhava, Manisha
245 ## - TITLE STATEMENT
Title Women and workforce: Understanding the social and cultural context of women’s employment
260 ## - PUBLICATION, DISTRIBUTION, ETC. (IMPRINT)
Place of publication, distribution, etc Madhya Pradesh Journal of Social Sciences
300 ## - PHYSICAL DESCRIPTION
Extent 26(1), Jun, 2021: p.1-16
520 ## - SUMMARY, ETC.
Summary, etc The decline to women’s participation in the workforces is attributed to severed social and economic factors like low level of educations, wage differentials, quality of work, trued-offs between labour of home and workplace. – Reproduced
650 ## - SUBJECT ADDED ENTRY--TOPICAL TERM
Topical term or geographic name as entry element Women and workforce
9 (RLIN) 46150
773 ## - HOST ITEM ENTRY
Main entry heading Madhya Pradesh Journal of Social Sciences
906 ## - LOCAL DATA ELEMENT F, LDF (RLIN)
Subject DIP EMPLOYMENT
942 ## - ADDED ENTRY ELEMENTS (KOHA)
Item type Articles
Holdings
Withdrawn status Lost status Source of classification or shelving scheme Damaged status Not for loan Permanent location Current location Date acquired Serial Enumeration / chronology Barcode Date last seen Koha item type
          Indian Institute of Public Administration Indian Institute of Public Administration 2023-12-04 26(1), Jun, 2021: p.1-16 AR130337 2023-12-04 Articles

Powered by Koha